00886nam a2200205 a 450000100100000000500170001000800410002704000250006808200150009310000370010824501440014526000770028930000250036649000120039183000190040304900090042295201130043195201190054499900170066300002947320200930055557.0110415s2008 dr a 000 0 spa d aDO-SdBNPbspacBNPHU axxxbM475j1 aMaza Miquel, Manuel Pablo95277710aJuventud entre montantes y faros :bejercicios para aprender a orientarse por las estrellas, porque para el viaje de la vida, no hay mapas. aSanto Domingo. :bPublicaciones de la Comunidad de Vida Cristianaa2008. a60 p. :bil.a23 cm.1 aApuntes 0aApuntes956347 aBNPD 0010718PDaPDbPDcCTd2011-04-15iLF1l0oxxx M475jp29473-10r2020-06-25w2020-06-25yLFPDZNo se presta 0010718PDaPDbPDcCTd2011-04-15iLF1l0oxxx M475jp29473-20r2020-06-25te. 2w2020-06-25yLFPDZNo se presta c28965d28965